Growth-pole strategies: conceptual note on planning for a resource-deficient Sikandara growth pole (Record no. 74059)

000 -LEADER
fixed length control field 00456pab a2200157 454500
008 - FIXED-LENGTH DATA ELEMENTS--GENERAL INFORMATION
fixed length control field 180718b2006 xxu||||| |||| 00| 0 eng d
100 ## - MAIN ENTRY--PERSONAL NAME
Personal name Raju, B. Yerram
245 ## - TITLE STATEMENT
Title Growth-pole strategies: conceptual note on planning for a resource-deficient Sikandara growth pole
260 ## - PUBLICATION, DISTRIBUTION, ETC.
Date of publication, distribution, etc. 2006
300 ## - PHYSICAL DESCRIPTION
Extent p.101-05.
362 ## - DATES OF PUBLICATION AND/OR SEQUENTIAL DESIGNATION
Dates of publication and/or sequential designation Jan-Jun
650 ## - SUBJECT ADDED ENTRY--TOPICAL TERM
Topical term or geographic name entry element Economic planning
773 ## - HOST ITEM ENTRY
Main entry heading ASTI Journal of Training and Development
908 ## - PUT COMMAND PARAMETER (RLIN)
Put command parameter N
909 ## -
-- 74059
Holdings
Withdrawn status Lost status Damaged status Not for loan Permanent Location Current Location Date acquired Serial Enumeration / chronology Barcode Date last seen Price effective from Koha item type
        Indian Institute of Public Administration Indian Institute of Public Administration 2018-07-19 Volume no: 7, Issue no: 1 AR74519 2018-07-19 2018-07-19 Articles

Powered by Koha